000 00755cam a22002653a 4500
001 10440
003 PGUSA
005 20140828083224.0
008 031201s2003||||xxu|||||s|||||000 1 eng d
040 _aPGUSA
_beng
042 _adc
050 4 _aPS
100 1 _aTrain, Arthur Cheney,
_d1875-1945
245 1 0 _aTutt and Mr. Tutt
_h[electronic resource] /
_cArthur Cheney Train
260 _bProject Gutenberg,
_c2003
506 _aPublic domain in the USA.
516 _aElectronic text
653 _aAttorney and client -- Fiction
653 _aNew York (N.Y.) -- Fiction
653 _aLaw firms -- Fiction
653 _aLegal stories
830 0 _aProject Gutenberg
_v10440
856 4 0 _uhttp://www.gutenberg.org/ebooks/10440
942 _cEB
999 _c239695
_d239695